000 00927cam a22002893a 4500
001 14379
003 PGUSA
005 20140828083316.0
008 041219s2004||||xxu|||||s|||||000 1 eng d
040 _aPGUSA
_beng
042 _adc
050 4 _aPZ
100 1 _aFinley, Martha,
_d1828-1909
245 1 0 _aElsie at Nantucket
_h[electronic resource] /
_cMartha Finley
260 _bProject Gutenberg,
_c2004
506 _aPublic domain in the USA.
516 _aElectronic text
653 _aObedience -- Juvenile fiction
653 _aDinsmore, Elsie (Fictitious character) -- Juvenile fiction
653 _aNantucket Island (Mass.) -- Juvenile fiction
653 _aFaith -- Juvenile fiction
653 _aChristian life -- Juvenile fiction
653 _aFamily life -- Massachusetts -- Juvenile fiction
830 0 _aProject Gutenberg
_v14379
856 4 0 _uhttp://www.gutenberg.org/ebooks/14379
942 _cEB
999 _c243634
_d243634